| 000 | 00485nam a2200157Ia 4500 | ||
|---|---|---|---|
| 008 | 231221s9999 xx 000 0 und d | ||
| 041 | _aEnglish | ||
| 082 | _a651.4 APP;1 R | ||
| 100 | _aAppannaiah, H.R. Reddy P.N. Gopalakrishna, D.S | ||
| 245 | 0 | _aBBM business communication: as per new syllabus for 3rd semester BBM Bangalore University | |
| 250 | _a1st ed. | ||
| 260 |
_c2007 _bHimalaya _aMumbai |
||
| 300 | _a202 | ||
| 650 | _aBBM,business,communication:,BBM | ||
| 942 | _cBM | ||
| 999 |
_c210818 _d210818 |
||